00525nam a2200169Ia 4500003000900000008004100009040001600050080001500066100001900081245010700100260004100207300001300248650004100261650001600302650002100318650001600339IN-BaIIA211028s9999 xx 000 0 eng d cIIA Library a551.5bTOY aToynbee, Henry 0aReport on the gales experienced in the ocean district adjacent to the cape of good hopecHenry Toynbee aLondonbH.M. Stationery Officec1882 axx,110p. aAstronomy and Astrophysics Thesaurus aClimatology aEarth Atmosphere aMeteorology